Entretiens
Guardat en:
| Autor principal: | |
|---|---|
| Format: | Llibre |
| Idioma: | francès grec |
| Publicat: |
París
Les Belles Lettres
1963
|
| Col·lecció: | Collection des Universités de France
|
| Matèries: | |
| Etiquetes: |
Afegir etiqueta
Sense etiquetes, Sigues el primer a etiquetar aquest registre!
|
MARC
| LEADER | 00000nam a2200000 a 4500 | ||
|---|---|---|---|
| 001 | UCL0413 | ||
| 003 | CL-VaPUC | ||
| 008 | 030711e19630000FR |||||||||||||||||fre|d | ||
| 041 | 0 | 7 | |a fre |2 CL-VaPUC |
| 041 | 0 | 7 | |a gre |2 CL-VaPUC |
| 082 | 0 | 4 | |a 188 |b EPI |2 21 |
| 100 | |a Epicteto |e author |9 439826 | ||
| 245 | 1 | 0 | |a Entretiens |
| 300 | |a v | ||
| 942 | |c BK | ||
| 945 | |d 20030711 00:00:00 |a cmena | ||
| 260 | |a París |b Les Belles Lettres |c 1963 | ||
| 650 | 7 | |a ESTOICISMO |2 CL-VaPUC |9 477085 | |
| 650 | 0 | |a Filosofía griega |9 265579 | |
| 650 | 0 | |a Filosofía antigua |9 255705 | |
| 583 | |a last modification |c 20030711 00:00:00 |k Rodrigo Vera | ||
| 490 | 0 | |a Collection des Universités de France | |
| 999 | |c 304286 |d 304284 | ||
| 952 | |0 0 |1 0 |4 0 |6 188_000000000000000_EPI_1963 |7 0 |8 DER_ROM |9 366266 |a BIBDER |b BIBDER |d 2019-11-21 |h v.3 |i 3921387 |o 188 EPI 1963 |p 3921387 |r 2023-01-25 |w 2019-11-21 |x Ubicación 4to piso |y BK |z Este recurso debe solicitarse con anticipación |k DER | ||
| 952 | |0 0 |1 0 |4 0 |6 188_000000000000000_EPI_1963 |7 0 |8 DER_ROM |9 366267 |a BIBDER |b BIBDER |d 2019-11-21 |h v.4 |i 3921395 |o 188 EPI 1963 |p 3921395 |r 2023-01-25 |w 2019-11-21 |x Ubicación 4to piso |y BK |z Este recurso debe solicitarse con anticipación |k DER | ||